000 01264nmc a2200349 a 4500
003 AR-BaBNM
005 20251128203700.0
008 037019s1975 ||||||||||||||000 | spa||
040 _cAR-BaBNM
100 1 _aKopp, O.W.
245 1 0 _aEl curriculum personalizado
_bmétodo y diseño
250 _a1ª ed.
260 _aBuenos Aires
_bPaidós
_c1975
300 0 _a200 p.
_bdiagr.
490 0 _aBiblioteca del Educador Contemporáneo
_vv. 192
500 0 _aContiene apéndices
500 1 _aEsta publicación ha sido preparada conjuntamente por la editorial y el Centro Regional de Ayuda Técnica, Agencia para el Desarrollo Internacional AID, Departamento de Estado del Gobierno de los Estados Unidos de América. El Centro es una organización dedi
504 _aContiene bibliografía al final de cada capítulo
650 4 _aCURRICULO
650 4 _aENSENANZA INDIVIDUALIZADA
650 4 _aPLANIFICACION DEL CURRICULO
650 4 _aEVALUACION DEL CURRICULO
650 4 _aROL DEL DOCENTE
650 4 _aLIDERAZGO
653 _aORIENTACION EDUCATIVA
653 _aPROCESO DE ENSENANZA-APRENDIZAJE
700 1 _aZufelt, David L.
800 1 _aBernstein, Jaime
800 1 _aRomero Brest, Gilda Lamarque de
942 _cBK
998 _cSILVI
999 _c4473
_d4473